Real estate investment trusts (Record no. 23189)
[ view plain ]
| 000 -LEADER | |
|---|---|
| fixed length control field | 01427nam a22003374a 4500 |
| 082 04 - DEWEY DECIMAL CLASSIFICATION NUMBER | |
| Classification number | 332.63/247 |
| 100 1# - MAIN ENTRY--AUTHOR NAME | |
| Personal name | Chan, Su Han, |
| 245 10 - TITLE STATEMENT | |
| Title | Real estate investment trusts |
| 260 ## - PUBLICATION, DISTRIBUTION, ETC. (IMPRINT) | |
| Place of publication | Oxford ; |
| -- | New York : |
| Name of publisher | Oxford University Press, |
| Year of publication | 2003. |
| 300 ## - PHYSICAL DESCRIPTION | |
| Number of Pages | x, 305 p. : |
| Other physical details | ill. |
| 490 1# - SERIES STATEMENT | |
| Series statement | Financial Management Association survey and synthesis series |
| 650 #0 - SUBJECT ADDED ENTRY--TOPICAL TERM | |
| Topical Term | Real estate investment trusts. |
| 700 1# - ADDED ENTRY--PERSONAL NAME | |
| Personal name | Erickson, John, |
| Personal name | Wang, Ko, |
| 856 40 - ELECTRONIC LOCATION AND ACCESS | |
| Uniform Resource Identifier | http://site.ebrary.com/lib/rucke/Doc?id=10269036 |
No items available.
